Philippian studies: (Record no. 5901)

000 -LEADER
fixed length control field 00606nam a2200193 a 4500
001 - CONTROL NUMBER
control field :::00003643$&:&@@
003 - CONTROL NUMBER IDENTIFIER
control field OkBaRHE
005 - DATE AND TIME OF LATEST TRANSACTION
control field 20000607103309.0
008 - FIXED-LENGTH DATA ELEMENTS--GENERAL INFORMATION
fixed length control field s1966 j 000 0 eng u
040 ## - CATALOGING SOURCE
Transcribing agency
100 1# - MAIN ENTRY--PERSONAL NAME
Personal name Motyer, J. A.
245 10 - TITLE STATEMENT
Title Philippian studies:
Remainder of title the richness of Christ.
250 ## - EDITION STATEMENT
Edition statement [1st ed.]
260 ## - PUBLICATION, DISTRIBUTION, ETC. (IMPRINT)
Place of publication, distribution, etc Chicago, IL., :
Name of publisher, distributor, etc Inter-Varsity Press
Date of publication, distribution, etc 1966
300 ## - PHYSICAL DESCRIPTION
Extent 188 p. ;
Dimensions 23 cm.
650 ## - SUBJECT ADDED ENTRY--TOPICAL TERM
Topical term or geographic name as entry element Bible New Testament Philippians
General subdivision Commentaries
942 ## - ADDED ENTRY ELEMENTS (KOHA)
Source of classification or shelving scheme
Koha item type Books
Copies
Price effective from Permanent Location Full call number Withdrawn status Barcode Source of classification or shelving scheme Lost status Copy number Date acquired Damaged status Shelving location Koha item type Not for loan Date last seen
2010-04-14RHEMA Bible Training CollegeBS 2705.3 .M58 3643  12010-04-14 General StacksBooks 2018-04-03